Professionalization of teachers and institute / (Record no. 142519)

MARC details
000 -LEADER
fixed length control field 00610nam a22001937a 4500
005 - DATE AND TIME OF LATEST TRANSACTION
control field 20170713114342.0
010 ## - LCCN (DPL NO)
LC control number ENG-119168
020 ## - INTERNATIONAL STANDARD BOOK NUMBER
International Standard Book Number 9788175418028
Terms of availability 250.00
035 ## - SYSTEM CONTROL NUMBER
System control number EN-102700
037 ## - SOURCE OF ACQUISITION
Source of stock number/acquisition DBAD/PUB
082 ## - DEWEY DECIMAL CLASSIFICATION NUMBER
Classification number 371.102
100 ## - MAIN ENTRY--PERSONAL NAME
Personal name Hay, Richard
245 ## - TITLE STATEMENT
Title Professionalization of teachers and institute /
Statement of responsibility, etc by Richard Hay
260 ## - PUBLICATION, DISTRIBUTION, ETC. (IMPRINT)
Place of publication, distribution, etc Delhi
Name of publisher, distributor, etc Shipra Publications
Date of publication, distribution, etc 2015
270 ## - ADDRESS
Address LG-18-19,Pankaj Central Market,I.P.Ext. Patparganj
City Delhi
Postal code 110092
300 ## - PHYSICAL DESCRIPTION
Extent xviii,245p.
Dimensions 23cm(pbk)
500 ## - GENERAL NOTE
General note Includes references and index
942 ## - ADDED ENTRY ELEMENTS (KOHA)
Source of classification or shelving scheme Dewey Decimal Classification
Item type English Books
Classification part 371.102
Call number suffix HAY
Holdings
Withdrawn status Lost status Not for loan Collection code Home library Current library Date acquired Source of acquisition Cost, normal purchase price Full call number Barcode Copy number Cost, replacement price Koha item type
    Not For Loan Non-fiction D.B.Act.Division Bawana 13/07/2017 DBAD/PUB 250.00 371.102 HAY EN-102700 1 250.00 English Books

© Delhi Public Library
Hit Counter
free hit counter